| 000 | 00521nam a22001457a 4500 | ||
|---|---|---|---|
| 008 | 140924b xxu||||| |||| 00| 0 eng d | ||
| 050 | _aBT771.2.N339 | ||
| 100 |
_aNcube, Raphael Mabuza Fr. _911583 |
||
| 245 |
_aMy Faith and my family _bthe place of the family in the church and in the society in Africa today _cFr. Raphael Mabuza Ncube |
||
| 260 |
_aPlumtree _bIlizwe Publications _c2014 |
||
| 300 |
_aiii, 200p. ; _c24cm. |
||
| 650 |
_aFaith _911584 |
||
| 650 |
_aFamily _xReligious life _911585 |
||
| 942 |
_2lcc _cMONOGRAPH |
||
| 999 |
_c120936 _d120936 |
||